[Event "San Sebastian op"]
[Site "San Sebastian ESP"]
[Date "2007.04.07"]
[Round "8"]
[White "Spraggett, Kevin"]
[Black "Czakon, Jakub"]
[Result "1-0"]
[WhiteElo "2631"]
[BlackElo "2482"]
[PlyCount "39"]
[EventDate "2007.04.01"]
[EventType "swiss"]
[EventRounds "7"]
[EventCountry "ESP"]
[Source "Mark Crowther"]
[SourceDate "2007.05.07"]

1. e4 c5 2. Nf3 d6 3. d4 cxd4 4. Nxd4 Nf6 5. Nc3 a6 6. Bg5 e6 7. f4 Nbd7 8. Qe2
Qc7 9. O-O-O b5 10. a3 Be7 11. g4 Rb8 12. Bg2 b4 13. axb4 Rxb4 14. e5 dxe5 15.
Nc6 Rb6 16. Nxe7 Bb7 17. Bxb7 Rxb7 18. fxe5 Nxe5 19. Rde1 Ned7 20. Qxa6 1-0

[Event "San Sebastian op"]
[Site "San Sebastian ESP"]
[Date "2007.04.08"]
[Round "9"]
[White "Spraggett, Kevin"]
[Black "Vera, Reynaldo"]
[Result "1/2-1/2"]
[WhiteElo "2631"]
[BlackElo "2481"]
[PlyCount "21"]
[EventDate "2007.04.01"]
[EventType "swiss"]
[EventRounds "7"]
[EventCountry "ESP"]
[Source "Mark Crowther"]
[SourceDate "2007.05.07"]

1. e4 c5 2. Nf3 d6 3. d4 cxd4 4. Nxd4 Nf6 5. Nc3 Nc6 6. Bg5 e6 7. Qd2 Be7 8.
O-O-O O-O 9. Nb3 a5 10. a4 d5 11. exd5 1/2-1/2

[Event "Coria del Rio op"]
[Site "Coria del Rio ESP"]
[Date "2007.02.22"]
[Round "2"]
[White "Spraggett, Kevin"]
[Black "Marcelo Reina, Pino Montano"]
[Result "1-0"]
[WhiteElo "2633"]
[BlackElo "2015"]
[PlyCount "35"]
[EventDate "2007.02.20"]
[EventType "swiss"]
[EventRounds "9"]
[EventCountry "ESP"]

1. e4 c5 2. Nf3 Nc6 3. d4 cxd4 4. Nxd4 g6 5. Nc3 Bg7 6. Be3 Nf6 7. Bc4 O-O 8.
Bb3 d6 9. f3 Bd7 10. h4 Na5 11. Qd2 Nxb3 12. axb3 h5 13. Bh6 Bc6 14. O-O-O a5
15. Bxg7 Kxg7 16. e5 Nh7 17. Nxc6 bxc6 18. exd6 {Diagrama #} 1-0

[Event "Coria del Rio op"]
[Site "Coria del Rio ESP"]
[Date "2007.02.23"]
[Round "3"]
[White "Razmyslov, Alexander"]
[Black "Spraggett, Kevin"]
[Result "1/2-1/2"]
[WhiteElo "2349"]
[BlackElo "2633"]
[PlyCount "85"]
[EventDate "2007.02.20"]
[EventType "swiss"]
[EventRounds "9"]
[EventCountry "ESP"]

1. d4 Nf6 2. c4 e6 3. Nf3 b6 4. g3 Ba6 5. b3 d5 6. Ne5 Bb4+ 7. Bd2 Be7 8. Bg2
O-O 9. O-O Bb7 10. Bc1 Nbd7 11. Bb2 c5 12. e3 cxd4 13. exd4 Rc8 14. Nc3 Bb4 15.
Nb5 a6 16. a3 Be7 17. Nc3 Re8 18. Qe2 Bd6 19. b4 Qc7 20. Nxd7 Qxd7 21. c5 bxc5
22. dxc5 Bf8 23. f4 Rb8 24. Rfd1 Bc6 25. Rab1 a5 26. Ba1 axb4 27. axb4 Rxb4 28.
Rxb4 Bxc5+ 29. Rbd4 Bxd4+ 30. Rxd4 Qa7 31. Qd1 Ra8 32. Bb2 Rb8 33. Bc1 Qc5 34.
Qd2 Rb4 35. Ne2 Rb1 36. Qd3 Rxc1+ 37. Nxc1 Qxc1+ 38. Qf1 Qc5 39. Qd3 h5 40. h3
Ne4 41. Bxe4 dxe4 42. Qe3 Bd5 43. Rd3 {Diagrama #} 1/2-1/2

[Event "Coria del Rio op"]
[Site "Coria del Rio ESP"]
[Date "2007.02.24"]
[Round "4"]
[White "Spraggett, Kevin"]
[Black "Carretero, Francisco"]
[Result "1-0"]
[WhiteElo "2633"]
[BlackElo "2223"]
[PlyCount "93"]
[EventDate "2007.02.20"]
[EventType "swiss"]
[EventRounds "9"]
[EventCountry "ESP"]

1. c4 e5 2. Nc3 f5 3. g3 Nf6 4. Bg2 Be7 5. e3 c6 6. d4 d6 7. Nge2 Be6 8. d5 Bf7
9. b3 O-O 10. Bb2 c5 11. e4 fxe4 12. Nxe4 Nxe4 13. Bxe4 Nd7 14. Nc3 Nf6 15. Bf5
Kh8 16. O-O a6 17. Qd3 b5 18. Rae1 bxc4 19. bxc4 Rb8 20. Ba1 Bg8 21. Qc2 Rb7
22. Nd1 Ne8 23. Ne3 Bg5 24. h4 Bxe3 25. Rxe3 Rbf7 26. Bh3 h6 27. Qe2 Bh7 28.
Ra3 Nc7 29. Rb3 Qe8 30. Bg2 Qd7 31. Rb7 Qf5 32. Rb3 Bg6 33. f4 exf4 34. Rxf4
Qd7 35. Rxf7 Rxf7 36. Rb8+ Kh7 37. h5 Bf5 38. Be4 Bxe4 39. Qxe4+ Qf5 40. Qxf5+
Rxf5 41. Kg2 Nxd5 42. cxd5 Rxd5 43. Rb7 Rg5 44. Bf6 Rf5 45. Rxg7+ Kh8 46. Bc3
Rf8 47. Rd7+ {Diagrama #} 1-0

[Event "Coria del Rio op"]
[Site "Coria del Rio ESP"]
[Date "2007.02.25"]
[Round "5"]
[White "Epishin, Vladimir"]
[Black "Spraggett, Kevin"]
[Result "1/2-1/2"]
[WhiteElo "2561"]
[BlackElo "2633"]
[PlyCount "75"]
[EventDate "2007.02.20"]
[EventType "swiss"]
[EventRounds "9"]
[EventCountry "ESP"]

1. d4 Nf6 2. c4 e6 3. Nf3 b6 4. g3 Ba6 5. b3 Bb4+ 6. Bd2 Be7 7. Bg2 O-O 8. O-O
d5 9. cxd5 exd5 10. Nc3 Bb7 11. Rc1 Re8 12. Ne5 Nbd7 13. Bf4 c6 14. e4 Nf8 15.
exd5 cxd5 16. Bh3 a6 17. Ne2 Bd6 18. Nc6 Bxc6 19. Rxc6 Bxf4 20. Nxf4 Ng6 21.
Nxg6 hxg6 22. Re1 Rxe1+ 23. Qxe1 b5 24. a3 Qf8 25. Qa5 Qe7 26. Rxa6 Rxa6 27.
Qxa6 Qe1+ 28. Bf1 Ne4 29. Qc8+ Kh7 30. Qh3+ Kg8 31. Qc8+ Kh7 32. Qc2 Qa1 33.
Kg2 Qxa3 34. Bxb5 Qb4 35. Bd3 Qxd4 36. Bxe4 dxe4 37. Qc4 Qb2 38. Qxe4 {
Diagrama #} 1/2-1/2

[Event "Coria del Rio op"]
[Site "Coria del Rio ESP"]
[Date "2007.02.26"]
[Round "6"]
[White "Spraggett, Kevin"]
[Black "Barrantes, Hugo"]
[Result "1-0"]
[WhiteElo "2633"]
[BlackElo "2163"]
[PlyCount "77"]
[EventDate "2007.02.20"]
[EventType "swiss"]
[EventRounds "9"]
[EventCountry "ESP"]

1. e4 c5 2. Nf3 d6 3. d4 cxd4 4. Nxd4 Nf6 5. Nc3 Nc6 6. Bg5 e6 7. Qd2 a6 8.
O-O-O Bd7 9. f3 Rc8 10. Kb1 Be7 11. Be3 Ne5 12. g4 b5 13. g5 Nh5 14. a3 g6 15.
Rg1 Nc4 16. Bxc4 Rxc4 17. Nde2 O-O 18. Nf4 Nxf4 19. Bxf4 Rc6 20. h4 Qc7 21. h5
Rc8 22. Qh2 Bf8 23. Rd3 Be8 24. hxg6 fxg6 25. Rgd1 Qf7 26. Bxd6 Bxd6 27. Rxd6
Qxf3 28. R6d3 Qf7 29. Rh3 a5 30. Rh1 R8c7 31. Qe5 Rc5 32. Nd5 exd5 33. Rxh7
Qxh7 34. Qxe8+ Kg7 35. Rxh7+ Kxh7 36. e5 Rg7 37. Qa8 b4 38. e6 Rcc7 39. a4 {
Diagrama #} 1-0

[Event "Coria del Rio op"]
[Site "Coria del Rio ESP"]
[Date "2007.02.27"]
[Round "7"]
[White "Spraggett, Kevin"]
[Black "Campora, Daniel"]
[Result "0-1"]
[WhiteElo "2633"]
[BlackElo "2510"]
[PlyCount "132"]
[EventDate "2007.02.20"]
[EventType "swiss"]
[EventRounds "9"]
[EventCountry "ESP"]

1. c4 e5 2. Nc3 Nf6 3. Nf3 Nc6 4. a3 d5 5. cxd5 Nxd5 6. Qc2 Be7 7. e3 O-O 8.
Be2 Kh8 9. O-O f5 10. d3 a5 11. Bd2 Nf6 12. b3 Bd7 13. Bc1 Qe8 14. Bb2 Bd6 15.
Nb5 Qe7 16. Nxd6 cxd6 17. Rac1 Rfc8 18. Qd1 Na7 19. Nd2 b5 20. e4 Rxc1 21. Qxc1
Rc8 22. Qb1 Nc6 23. Rc1 h6 24. Bf1 Qd8 25. h3 Qb6 26. exf5 Bxf5 27. Ne4 Qd8 28.
Ba1 Nd5 29. Rc2 b4 30. axb4 Ndxb4 31. Rc1 d5 32. Ng3 Bg6 33. Bc3 d4 34. Bd2 Nd5
35. Ne4 Ncb4 36. Rxc8 Qxc8 37. Nd6 Qc5 38. Nc4 Nb6 39. Bxb4 axb4 40. Nd2 Qc3
41. Nf3 Nd7 42. Qa2 Kh7 43. Qa7 Qc6 44. Qa5 Qc5 45. Qxc5 Nxc5 46. Nxe5 Be8 47.
Be2 Nxb3 48. Kf1 Nc5 49. Ke1 g5 50. Kd2 Kg7 51. Bd1 Kf6 52. Nf3 Ne6 53. Bb3 Bc6
54. Ne1 Nc5 55. Kc2 h5 56. Bc4 h4 57. Kb2 Ke5 58. f3 Ba4 59. f4+ Kxf4 60. Nf3
Bc6 61. Nxd4 Bxg2 62. Ne6+ Nxe6 63. Bxe6 Bf3 64. d4 g4 65. d5 g3 66. d6 Bc6 {
Diagrama #} 0-1

[Event "Coria del Rio op"]
[Site "Coria del Rio ESP"]
[Date "2007.02.28"]
[Round "8"]
[White "Komljenovic, Davor"]
[Black "Spraggett, Kevin"]
[Result "1/2-1/2"]
[WhiteElo "2481"]
[BlackElo "2633"]
[PlyCount "83"]
[EventDate "2007.02.20"]
[EventType "swiss"]
[EventRounds "9"]
[EventCountry "ESP"]

1. d4 Nf6 2. c4 e6 3. Nf3 Bb4+ 4. Bd2 a5 5. Nc3 O-O 6. Bg5 d6 7. e3 Nbd7 8. Be2
h6 9. Bh4 b6 10. O-O Bxc3 11. bxc3 g5 12. Bg3 Ne4 13. Bd3 Bb7 14. Nd2 Ndf6 15.
Nxe4 Nxe4 16. Qc2 f5 17. f3 Nxg3 18. hxg3 Qd7 19. f4 Rf6 20. e4 fxe4 21. Bxe4
Bxe4 22. Qxe4 Raf8 23. Rf3 d5 24. cxd5 exd5 25. Qd3 gxf4 26. Rxf4 Rxf4 27. gxf4
Rxf4 28. Qg6+ Qg7 29. Qe6+ Kh7 30. Qxd5 Qe7 31. g3 Qe3+ 32. Kg2 Rf2+ 33. Kh3
Qe8 34. a4 h5 35. Rg1 c6 36. Qe5 Qxe5 37. dxe5 Re2 38. Rb1 Rxe5 39. Rxb6 Rc5
40. Ra6 Kg6 41. Kh4 Kf6 42. Ra8 {Diagrama #} 1/2-1/2

[Event "FRA-Tch N2 2006-07"]
[Site "FRA"]
[Date "2006.11.25"]
[Round "2.1"]
[White "Spraggett, Kevin"]
[Black "Guliyev, Namig"]
[Result "1-0"]
[WhiteElo "2610"]
[BlackElo "2542"]
[PlyCount "125"]
[EventDate "2006.12.31"]
[EventType "team"]
[EventRounds "11"]
[EventCountry "FRA"]

1. e4 e6 2. d4 d5 3. Nc3 dxe4 4. Nxe4 Nd7 5. Nf3 Ngf6 6. Nxf6+ Nxf6 7. Be3 Nd5
8. Bd3 Bd6 9. O-O O-O 10. Bg5 Be7 11. Bd2 b6 12. c4 Nf6 13. Bc3 Bb7 14. Qe2 c5
15. dxc5 bxc5 16. Ne5 Qc7 17. f4 Rad8 18. f5 exf5 19. Rxf5 g6 20. Rf2 Rd6 21.
Re1 Re6 22. Qe3 Re8 23. Bf5 gxf5 24. Qg5+ Kf8 25. Rxf5 Rd8 26. Ref1 Rdd6 27.
Qh6+ Ke8 28. Nxf7 Kxf7 29. Bxf6 Rxf6 30. Qxh7+ Ke8 31. Rxf6 Rxf6 32. Rxf6 Qe5
33. Qg6+ Kd8 34. Rf2 Qe1+ 35. Rf1 Qe3+ 36. Rf2 Qc1+ 37. Rf1 Qxc4 38. Rd1+ Kc7
39. Qg3+ Kb6 40. Qg6+ Bc6 41. Qg3 Qc2 42. Re1 Bd6 43. Qb3+ Qxb3 44. axb3 Bd5
45. h4 Bg3 46. Rd1 Bf7 47. Rd7 Bh5 48. Rh7 Bd1 49. Rd7 Bc2 50. Rd2 Bg6 51. Rd5
Be8 52. Rd8 Bf7 53. Rf8 Bh5 54. Rf5 Bd1 55. Rd5 Be2 56. h5 Kc6 57. Rf5 Kd6 58.
h6 Ke6 59. Rf8 Ke7 60. h7 Kxf8 61. h8=Q+ Kf7 62. Qc3 Bc7 63. Qc2 1-0

[Event "FRA-Tch N2 2006-07"]
[Site "FRA"]
[Date "2006.11.26"]
[Round "3.1"]
[White "Simon, Olivier"]
[Black "Spraggett, Kevin"]
[Result "0-1"]
[WhiteElo "2388"]
[BlackElo "2610"]
[PlyCount "84"]
[EventDate "2006.12.31"]
[EventType "team"]
[EventRounds "11"]
[EventCountry "FRA"]

1. e4 c5 2. Nf3 e6 3. b3 a6 4. Bb2 d5 5. exd5 exd5 6. d4 Nf6 7. Bd3 Be7 8. h3
Nc6 9. O-O O-O 10. a3 cxd4 11. Nxd4 Bd6 12. Nd2 Ne5 13. N2f3 Ng6 14. Nf5 Bc7
15. Re1 Be6 16. Ng5 Bxf5 17. Bxf5 Qd6 18. Nf3 Rad8 19. g3 Bb6 20. Kg2 Ne7 21.
Be5 Qc6 22. Bxf6 Qxf6 23. Bd3 Nc6 24. Qd2 Nd4 25. Nh2 h5 26. Rf1 Rc8 27. Rae1
Rc6 28. Rc1 Rfc8 29. h4 g6 30. Rfe1 Kg7 31. Red1 R8c7 32. Re1 Rc3 33. Red1 Qc6
34. Rf1 Nxb3 35. cxb3 Rxc1 36. Rxc1 Qxc1 37. Qe2 Qc5 38. g4 Qxf2+ 39. Qxf2 Bxf2
40. Kxf2 Rc3 41. Be2 Rxb3 42. gxh5 Rxa3 0-1

[Event "FRA-Tch N2 2006-07"]
[Site "FRA"]
[Date "2007.01.20"]
[Round "5.1"]
[White "Jessel, Stephen"]
[Black "Spraggett, Kevin"]
[Result "0-1"]
[WhiteElo "2343"]
[BlackElo "2633"]
[PlyCount "94"]
[EventDate "2006.12.31"]
[EventType "team"]
[EventRounds "11"]
[EventCountry "FRA"]

1. e4 c5 2. Nf3 d6 3. d4 cxd4 4. Nxd4 Nf6 5. Nc3 a6 6. Be2 e6 7. O-O Be7 8. Be3
Qc7 9. f4 O-O 10. Qe1 b5 11. Bf3 Bb7 12. e5 Ne8 13. Qg3 dxe5 14. fxe5 Nd7 15.
Bxb7 Qxb7 16. Qf3 Qxf3 17. Nxf3 b4 18. Ne4 Nc7 19. c4 bxc3 20. Nxc3 Rfd8 21.
Rfd1 Kf8 22. a3 Ke8 23. Rd2 Rab8 24. Rad1 a5 25. Kf1 h6 26. g4 Nb6 27. Rxd8+
Bxd8 28. Ne4 Ncd5 29. Nd6+ Kf8 30. Bd4 Na4 31. Rc1 Bc7 32. Ne4 Nxb2 33. Rb1 Nc4
34. Rxb8+ Bxb8 35. Ke2 Nf4+ 36. Kd1 Nd3 37. Nc5 Nxc5 38. Bxc5+ Ke8 39. a4 Nxe5
40. Nxe5 Bxe5 41. h3 Bc7 42. Ke2 g6 43. Be3 g5 44. Bd4 Kf8 45. Bf6 Kg8 46. h4
gxh4 47. Bxh4 Kg7 0-1

[Event "FRA-Tch N2 2006-07"]
[Site "FRA"]
[Date "2007.01.21"]
[Round "6.1"]
[White "Spraggett, Kevin"]
[Black "Kozul, Zdenko"]
[Result "0-1"]
[WhiteElo "2633"]
[BlackElo "2616"]
[PlyCount "85"]
[EventDate "2006.12.31"]
[EventType "team"]
[EventRounds "11"]
[EventCountry "FRA"]

1. e4 c5 2. Nf3 Nc6 3. d4 cxd4 4. Nxd4 Nf6 5. Nc3 d6 6. Bg5 e6 7. Qd2 a6 8.
O-O-O Bd7 9. f3 Rc8 10. Kb1 Qc7 11. Be3 Ne5 12. g4 h6 13. h4 b5 14. Bd3 g6 15.
g5 hxg5 16. Bxg5 Nh5 17. a3 Qb7 18. Rhf1 Nxd3 19. Qxd3 b4 20. axb4 Qxb4 21.
Qxa6 f6 22. Na2 Qb8 23. Be3 e5 24. Nb3 Bb5 25. Qa5 Bxf1 26. Rxf1 Bh6 27. Qa4+
Ke7 28. Bxh6 Rxh6 29. Nb4 Kf8 30. Nd5 Nf4 31. Nxf4 exf4 32. Nd4 Qb7 33. Ne6+
Kg8 34. Nxf4 Rd8 35. Qc4+ Kh8 36. Qd4 g5 37. Nd3 gxh4 38. Qe3 Kh7 39. c3 h3 40.
Qf4 Rf8 41. Qxd6 Rg8 42. Rh1 Rg2 43. c4 {suite illisible} 0-1

[Event "El Sauzal Rapid"]
[Site "El Sauzal ESP"]
[Date "2006.11.04"]
[Round "2"]
[White "Spraggett, Kevin"]
[Black "Alvarez Diaz, Victor"]
[Result "1-0"]
[WhiteElo "2610"]
[BlackElo "2048"]
[PlyCount "60"]
[EventDate "2006.11.04"]
[EventType "swiss"]
[EventRounds "9"]
[EventCountry "ESP"]
[Source "Mark Crowther"]
[SourceDate "2006.12.11"]

1. e4 Nf6 2. e5 Nd5 3. d4 d6 4. Nf3 Bg4 5. Be2 e6 6. O-O Nc6 7. c4 Nb6 8. exd6
cxd6 9. b3 Be7 10. Bb2 O-O 11. Nbd2 d5 12. h3 Bf5 13. c5 Nd7 14. a3 h6 15. b4
a6 16. Rc1 Nf6 17. Re1 Rc8 18. Ne5 Nxe5 19. dxe5 Ne4 20. Nf3 a5 21. Qd4 Ng5 22.
Nxg5 Bxg5 23. f4 Be7 24. Bf3 Qd7 25. Kh2 Rfd8 26. Red1 Bf8 27. Be2 axb4 28.
axb4 Ra8 29. Ra1 Rdc8 30. Qe3 Be4 1-0

[Event "El Sauzal Rapid"]
[Site "El Sauzal ESP"]
[Date "2006.11.04"]
[Round "3"]
[White "Santos Izquierdo, Francisco"]
[Black "Spraggett, Kevin"]
[Result "0-1"]
[WhiteElo "2291"]
[BlackElo "2610"]
[PlyCount "74"]
[EventDate "2006.11.04"]
[EventType "swiss"]
[EventRounds "9"]
[EventCountry "ESP"]
[Source "Mark Crowther"]
[SourceDate "2006.12.11"]

1. c4 e5 2. g3 Nc6 3. Bg2 f5 4. Nc3 Nf6 5. a3 g6 6. d3 Bg7 7. e4 d6 8. Nge2 O-O
9. O-O Kh8 10. Nd5 Nxd5 11. cxd5 Ne7 12. Rb1 c6 13. dxc6 bxc6 14. b4 a5 15. d4
fxe4 16. Bxe4 axb4 17. axb4 d5 18. Bg2 Bf5 19. Rb3 e4 20. h3 Qd7 21. Kh2 Be6
22. Bf4 Nf5 23. Qd2 Nd6 24. Bxd6 Qxd6 25. b5 cxb5 26. Rxb5 Rab8 27. Rc5 Rfc8
28. Rfc1 Rxc5 29. Rxc5 Rf8 30. Kg1 Bg8 31. Rc3 Qb6 32. f3 Qb1+ 33. Kh2 Rb8 34.
Qc2 exf3 35. Bxf3 Qe1 36. Bg2 Re8 37. Ng1 Bxd4 0-1

[Event "El Sauzal Rapid"]
[Site "El Sauzal ESP"]
[Date "2006.11.04"]
[Round "5"]
[White "Lalic, Bogdan"]
[Black "Spraggett, Kevin"]
[Result "1/2-1/2"]
[WhiteElo "2491"]
[BlackElo "2610"]
[PlyCount "20"]
[EventDate "2006.11.04"]
[EventType "swiss"]
[EventRounds "9"]
[EventCountry "ESP"]
[Source "Mark Crowther"]
[SourceDate "2006.12.11"]

1. d4 d5 2. c4 c6 3. e3 Nf6 4. Nc3 a6 5. Nf3 e6 6. b3 Bb4 7. Bd2 Nbd7 8. Qc2
Qe7 9. Bd3 O-O 10. O-O dxc4 1/2-1/2

[Event "El Sauzal Rapid"]
[Site "El Sauzal ESP"]
[Date "2006.11.05"]
[Round "8"]
[White "Spraggett, Kevin"]
[Black "Munoz Pantoja, Miguel"]
[Result "1-0"]
[WhiteElo "2610"]
[BlackElo "2483"]
[PlyCount "75"]
[EventDate "2006.11.04"]
[EventType "swiss"]
[EventRounds "9"]
[EventCountry "ESP"]
[Source "Mark Crowther"]
[SourceDate "2006.12.11"]

1. e4 d5 2. exd5 Qxd5 3. Nf3 Bg4 4. Be2 Nc6 5. d4 O-O-O 6. c4 Qf5 7. Be3 e6 8.
Nbd2 Nf6 9. a3 Ne4 10. h3 Bxf3 11. Nxf3 Bc5 12. O-O Nxd4 13. Nxd4 Bxd4 14. Bxd4
c5 15. Bg4 Qg5 16. Qa4 cxd4 17. Qxa7 Qc5 18. Qa4 Kb8 19. Rad1 f5 20. Bf3 e5 21.
Qc2 Nd6 22. Bd5 g6 23. b4 Qc7 24. Qb3 Rhe8 25. Rfe1 Re7 26. a4 Ne8 27. c5 Nf6
28. Bc4 e4 29. a5 Ka7 30. Qb2 Qe5 31. a6 b6 32. cxb6+ Kxb6 33. Qa3 Ka7 34. b5
Kb6 35. Ra1 Qc7 36. a7 Qxa7 37. Qb4 d3 38. Ra6+ 1-0

[Event "Tarragona op"]
[Site "Tarragona ESP"]
[Date "2006.08.19"]
[Round "1"]
[White "Spraggett, Kevin"]
[Black "Yanez Acin, Gonzalo"]
[Result "1-0"]
[WhiteElo "2577"]
[BlackElo "1969"]
[PlyCount "49"]
[EventDate "2006.08.19"]
[EventType "swiss"]
[EventRounds "9"]
[EventCountry "ESP"]
[Source "Mark Crowther"]
[SourceDate "2006.09.18"]

1. e4 e5 2. Nf3 Nc6 3. Bb5 Nd4 4. Nxd4 exd4 5. d3 c6 6. Ba4 Nf6 7. O-O d6 8. c3
dxc3 9. Nxc3 Be7 10. d4 O-O 11. Bc2 Re8 12. h3 Nd7 13. a4 Nf8 14. Be3 Bd7 15.
f4 b5 16. axb5 cxb5 17. Nd5 a5 18. f5 Bg5 19. Bxg5 Qxg5 20. Nc7 Qd8 21. Nxa8
Qxa8 22. f6 a4 23. fxg7 Kxg7 24. Qf3 f5 25. exf5 1-0

[Event "Tarragona op"]
[Site "Tarragona ESP"]
[Date "2006.08.22"]
[Round "4"]
[White "Movsziszian, Karen"]
[Black "Spraggett, Kevin"]
[Result "1-0"]
[WhiteElo "2507"]
[BlackElo "2577"]
[PlyCount "72"]
[EventDate "2006.08.19"]
[EventType "swiss"]
[EventRounds "9"]
[EventCountry "ESP"]
[Source "Mark Crowther"]
[SourceDate "2006.09.11"]

1. e4 c5 2. Nf3 d6 3. d4 Nf6 4. Nc3 cxd4 5. Nxd4 Nc6 6. Bc4 e6 7. Be3 Be7 8.
Bb3 a6 9. Qe2 O-O 10. O-O-O Qc7 11. Rhg1 b5 12. g4 b4 13. Nxc6 Qxc6 14. Nd5
exd5 15. g5 Nxe4 16. Bxd5 Qa4 17. Bd4 Bf5 18. Bxe4 Bxe4 19. Qxe4 Qxa2 20. Qxe7
Rae8 21. Qc7 Re4 22. Be3 Rc4 23. Qxd6 b3 24. Kd2 Rxc2+ 25. Ke1 Qxb2 26. Qd3 a5
27. Rg4 Rc3 28. Qd2 Rc2 29. Qd3 Rc3 30. Qe4 Qa3 31. Rh4 g6 32. Bd4 Rc1 33. Rxh7
Qb4+ 34. Ke2 Rc2+ 35. Kf3 Qxd4 36. Rxd4 Kxh7 1-0

[Event "POR-Tch"]
[Site "Evora POR"]
[Date "2006.07.23"]
[Round "2"]
[White "Spraggett, Kevin"]
[Black "Galego, Luis"]
[Result "1/2-1/2"]
[WhiteElo "2577"]
[BlackElo "2528"]
[PlyCount "21"]
[EventDate "2006.07.22"]
[EventType "team"]
[EventRounds "9"]
[EventCountry "POR"]
[Source "Mark Crowther"]
[SourceDate "2006.07.24"]

1. e4 c5 2. Nf3 e6 3. d3 d5 4. Qe2 Nc6 5. g3 Nf6 6. Bg2 Be7 7. O-O h6 8. Re1 b6
9. c3 Ba6 10. exd5 exd5 11. Na3 1/2-1/2

[Event "POR-Tch"]
[Site "Evora POR"]
[Date "2006.07.25"]
[Round "4"]
[White "Spraggett, Kevin"]
[Black "Damaso, Rui"]
[Result "1-0"]
[WhiteElo "2577"]
[BlackElo "2463"]
[PlyCount "71"]
[EventDate "2006.07.22"]
[EventType "team"]
[EventRounds "9"]
[EventCountry "POR"]
[Source "Mark Crowther"]
[SourceDate "2006.07.31"]

1. e4 c5 2. Nf3 g6 3. d4 cxd4 4. Nxd4 Bg7 5. Nc3 Nc6 6. Be3 Nf6 7. Bc4 O-O 8.
Bb3 d6 9. h3 Bd7 10. O-O Nxd4 11. Bxd4 Bc6 12. Qd3 Nd7 13. Bxg7 Kxg7 14. Rad1
Nc5 15. Qd4+ f6 16. Rfe1 Nxb3 17. axb3 Rf7 18. Re3 Kg8 19. b4 a6 20. Red3 Rc8
21. R3d2 Qf8 22. b3 Qg7 23. Re1 f5 24. e5 f4 25. f3 g5 26. Nd5 dxe5 27. Rxe5 h6
28. Nc7 Qf6 29. Ne6 Kh7 30. Rde2 Rg8 31. Nd8 Rfg7 32. Qd3+ Qg6 33. Qd4 Bxf3 34.
gxf3 Qh5 35. Qd3+ Kh8 36. Rxe7 1-0

[Event "POR-Tch"]
[Site "Evora POR"]
[Date "2006.07.30"]
[Round "9"]
[White "Spraggett, Kevin"]
[Black "Korneev, Oleg"]
[Result "1/2-1/2"]
[WhiteElo "2577"]
[BlackElo "2638"]
[PlyCount "25"]
[EventDate "2006.07.22"]
[EventType "team"]
[EventRounds "9"]
[EventCountry "POR"]
[Source "Mark Crowther"]
[SourceDate "2006.07.31"]

1. e4 e5 2. Nf3 Nf6 3. Nxe5 d6 4. Nf3 Nxe4 5. Nc3 Nf6 6. d4 Be7 7. h3 Bf5 8.
Bd3 Bxd3 9. Qxd3 O-O 10. O-O Nbd7 11. Bg5 c6 12. Rfe1 d5 13. a3 1/2-1/2

[Event "Andorra op"]
[Site "Andorra la Vella AND"]
[Date "2006.07.08"]
[Round "1"]
[White "Spraggett, Kevin"]
[Black "Sethuraman, SP."]
[Result "1-0"]
[WhiteElo "2578"]
[BlackElo "2231"]
[PlyCount "51"]
[EventDate "2006.07.08"]
[EventType "swiss"]
[EventRounds "9"]
[EventCountry "AND"]
[Source "Mark Crowther"]
[SourceDate "2006.07.10"]

1. e4 e5 2. Nf3 Nc6 3. Bb5 a6 4. Ba4 d6 5. O-O Bg4 6. h3 h5 7. Bxc6+ bxc6 8. d4
Bxf3 9. Qxf3 exd4 10. Rd1 Qf6 11. Qb3 Ne7 12. Qb7 Rc8 13. c3 dxc3 14. Nxc3 Qe6
15. Be3 Rg8 16. f4 f5 17. e5 Kf7 18. Rac1 dxe5 19. Na4 exf4 20. Bxf4 Qe4 21.
Qb3+ Kg6 22. Qg3+ Kh7 23. Nc5 Qe2 24. Rd2 Qb5 25. Qg5 g6 26. Nd7 1-0

[Event "Andorra op"]
[Site "Andorra la Vella AND"]
[Date "2006.07.11"]
[Round "4"]
[White "Yastrebova, Tatiana"]
[Black "Spraggett, Kevin"]
[Result "0-1"]
[WhiteElo "2056"]
[BlackElo "2577"]
[PlyCount "86"]
[EventDate "2006.07.08"]
[EventType "swiss"]
[EventRounds "9"]
[EventCountry "AND"]
[Source "Mark Crowther"]
[SourceDate "2006.07.17"]

1. d4 Nf6 2. c4 e6 3. Nc3 Bb4 4. e3 O-O 5. Nge2 Re8 6. a3 Bf8 7. Nf4 d6 8. Be2
c6 9. e4 e5 10. dxe5 dxe5 11. Qxd8 Rxd8 12. Nd3 Re8 13. O-O Na6 14. f3 Nc5 15.
Be3 Nb3 16. Rad1 Nd7 17. Rfe1 Nb6 18. Nc1 Nd4 19. Bxd4 exd4 20. Nb1 c5 21. b3
Nd7 22. Nd3 Bd6 23. Nd2 Ne5 24. Nf1 Nxd3 25. Bxd3 Bd7 26. Ng3 g6 27. Ne2 Bc6
28. Nc1 Re7 29. Bf1 Bf4 30. Nd3 Be3+ 31. Kh1 b6 32. Rb1 Rc8 33. Rbd1 h5 34. a4
Kf8 35. a5 bxa5 36. Nxc5 Be8 37. Na4 Rb7 38. Rb1 Rb4 39. Bd3 h4 40. Red1 Bd7
41. Bf1 Ke7 42. g3 hxg3 43. h3 f5 0-1

[Event "Andorra op"]
[Site "Andorra la Vella AND"]
[Date "2006.07.12"]
[Round "5"]
[White "Spraggett, Kevin"]
[Black "Pogorelov, Ruslan"]
[Result "1-0"]
[WhiteElo "2577"]
[BlackElo "2395"]
[PlyCount "63"]
[EventDate "2006.07.08"]
[EventType "swiss"]
[EventRounds "9"]
[EventCountry "AND"]
[Source "Mark Crowther"]
[SourceDate "2006.07.17"]

1. e4 e6 2. d4 d5 3. Nc3 dxe4 4. Nxe4 Nd7 5. Nf3 Ngf6 6. Nxf6+ Nxf6 7. Be3 Be7
8. Bd3 O-O 9. Qe2 c5 10. dxc5 Qc7 11. O-O-O Bxc5 12. Bxc5 Qxc5 13. Ne5 Qe7 14.
f4 b6 15. g4 Bb7 16. Rhf1 Rad8 17. g5 Nd7 18. Bxh7+ Kxh7 19. Qh5+ Kg8 20. g6
fxg6 21. Nxg6 Qf6 22. f5 exf5 23. Rxf5 Rfe8 24. Rxf6 Nxf6 25. Rxd8 Nxh5 26.
Rxe8+ Kh7 27. Re7 Bd5 28. Re5 Nf6 29. Nf8+ Kh6 30. Nd7 Bg2 31. Nxf6 gxf6 32.
Re7 1-0

[Event "Andorra op"]
[Site "Andorra la Vella AND"]
[Date "2006.07.15"]
[Round "8"]
[White "Galego, Luis"]
[Black "Spraggett, Kevin"]
[Result "1/2-1/2"]
[WhiteElo "2528"]
[BlackElo "2577"]
[PlyCount "76"]
[EventDate "2006.07.08"]
[EventType "swiss"]
[EventRounds "9"]
[EventCountry "AND"]
[Source "Mark Crowther"]
[SourceDate "2006.07.17"]

1. e4 c5 2. Nf3 d6 3. Bb5+ Nd7 4. c3 Ngf6 5. Qe2 a6 6. Ba4 b5 7. Bc2 e5 8. O-O
Be7 9. a4 Rb8 10. axb5 axb5 11. d4 O-O 12. Rd1 Qc7 13. h3 Re8 14. dxe5 dxe5 15.
Nbd2 c4 16. Nf1 Nc5 17. Ng3 g6 18. Bh6 Bb7 19. Nh2 Ra8 20. Ng4 Rxa1 21. Rxa1
Ra8 22. Rxa8+ Bxa8 23. Nxf6+ Bxf6 24. Qf3 Qd8 25. Be3 Nd3 26. Bxd3 cxd3 27. Bd2
Qd6 28. Qe3 Bd8 29. Qh6 f6 30. h4 Bc6 31. h5 Be8 32. hxg6 hxg6 33. Nf1 Be7 34.
Ne3 Bf8 35. Qh3 Bc6 36. Qg4 Kf7 37. Qh4 Bg7 38. f3 Bd7 1/2-1/2